Renters (Reform) Bill 2022-23 (HC Bill 308) (Record no. 121536)

MARC details
000 -LEADER
fixed length control field 01604nam a22002297a 4500
008 - FIXED-LENGTH DATA ELEMENTS--GENERAL INFORMATION
fixed length control field 230605e20230517xxk|||||o||||o00| 0 eng d
041 ## - LANGUAGE CODE
Language code of text/sound track or separate title eng
245 ## - TITLE STATEMENT
Title Renters (Reform) Bill 2022-23 (HC Bill 308)
Medium [Online publication]
260 ## - PUBLICATION INFORMATION
Publisher Department for Levelling-up, Housing and Communities
Date 17 May 2023
520 ## - ABSTRACT
Abstract The Renters (Reform) Bill (the Bill) will support the government’s manifesto commitment to deliver ‘a better deal for renters’, including by abolishing section 21 evictions and reforming landlord possession grounds. A Bill to make provision changing the law about rented homes, including provision abolishing fixed term assured tenancies and assured shorthold tenancies; imposing obligations on landlords and others in relation to rented homes and <br/>temporary and supported accommodation; and for connected purposes.
520 ## - ABSTRACT
Abstract Note added 29th May 2024: This Bill did not progress to conclusion due to proroguing of Parliament following the announcement of a General Election on 4 July 2024
520 ## - ABSTRACT
Abstract Note added 11 September 2024: See the Renters' Rights Bill presented 11 September 2024 by the new Government.
650 ## - KEYWORDS
Keywords ASSURED SHORTHOLD TENANCIES
650 ## - KEYWORDS
Keywords HOUSING ACT 1988
650 ## - KEYWORDS
Keywords LANDLORD AND TENANT
651 ## - SUBJECT ADDED ENTRY--GEOGRAPHIC NAME
Geographic name United Kingdom
690 ## - BROAD SUBJECT
9 (RLIN) 6252
Broad subject Landlord and tenant
690 ## - BROAD SUBJECT
9 (RLIN) 6266
Broad subject Residential property
856 ## - ONLINE RESOURCE
Uniform Resource Identifier <a href="https://bills.parliament.uk/bills/3462">https://bills.parliament.uk/bills/3462</a>
Public note Available on Parliament Bills site
856 ## - ONLINE RESOURCE
Uniform Resource Identifier <a href="https://publications.parliament.uk/pa/bills/cbill/58-03/0308/en/220308en.pdf">https://publications.parliament.uk/pa/bills/cbill/58-03/0308/en/220308en.pdf</a>
Public note See explanatory notes to the Bill
942 ## - ADDED ENTRY ELEMENTS (KOHA)
Suppress in OPAC Do not suppress in OPAC
Holdings
Lost status Damaged status Not for loan Home library Current library Shelving location Date acquired Total Checkouts Full call number Date last seen Price effective from Koha item type
      Virtual Virtual Online 05/06/2023   LEGISLATION 05/06/2023 05/06/2023 Online material